Lokal extrem Rechts : Analysen alltäglicher Vergesellschaftungen.

Bibliographic Details
Main Author: Mullis, Daniel.
Other Authors: Miggelbrink, Judith.
Format: eBook
Language:German
Published: Bielefeld : transcript, 2022.
Edition:1st ed.
Series:Sozial- und Kulturgeographie
Subjects:
Online Access:Click to View
LEADER 03174nam a22003973i 4500
001 EBC7024735
003 MiAaPQ
005 20231204023226.0
006 m o d |
007 cr cnu||||||||
008 231204s2022 xx o ||||0 ger d
020 |a 9783839456842  |q (electronic bk.) 
020 |z 9783837656848 
035 |a (MiAaPQ)EBC7024735 
035 |a (Au-PeEL)EBL7024735 
035 |a (OCoLC)1322125006 
040 |a MiAaPQ  |b eng  |e rda  |e pn  |c MiAaPQ  |d MiAaPQ 
100 1 |a Mullis, Daniel. 
245 1 0 |a Lokal extrem Rechts :  |b Analysen alltäglicher Vergesellschaftungen. 
250 |a 1st ed. 
264 1 |a Bielefeld :  |b transcript,  |c 2022. 
264 4 |c {copy}2022. 
300 |a 1 online resource (285 pages) 
336 |a text  |b txt  |2 rdacontent 
337 |a computer  |b c  |2 rdamedia 
338 |a online resource  |b cr  |2 rdacarrier 
490 1 |a Sozial- und Kulturgeographie 
505 0 |a Cover -- Inhalt -- Lokal extrem Rechts Analysen alltäglicher Vergesellschaftungen - eine Einleitung -- Das Lokale, Subjektivierung und die extreme Rechte -- Räumliche Differenzierungen rechter Einstellungen und mögliche Erklärungsansätze -- Zur Provinzialität der AfD -- Rechte Bedrohungsallianzen in städtischen Zentren und ländlichen Peripherien - eine vergleichende Analyse -- Umkämpftes Ortsverständnis Eine Fallstudie zu Rechtspopulismus in Leipzig -- Die AfD und das »Dornröschenschloss« - über die (Be-)Deutung von Peripherisierung für den Rechtspopulismuszuspruch -- Rechtsextreme Raumaneignungen in alltäglichen Vergesellschaftungen -- Rechte Räume reconstructed Identitätsfassaden in Skopje und Dresden -- Leipzig-Grünau: Wie die Baseballschlägerjahre zum heutigen Erfolg der AfD beitragen -- Rechtsextremismus zwischen Normalisierung und Konfrontation: Befunde aus Eisenach -- »Eigensinn« zwischen völkischem Nationalismus und solidarischem Gemeinwesen Alltag junger Menschen außerhalb urbaner Zentren in Ostdeutschland -- Gelegenheitsstrukturen für populistische Kommunalpolitik der radikalen Rechten -- Methodische Herausforderungen qualitativer Rechtsextremismusforschung -- Rechte Räume? Kartierungen von radikal rechten Raumaneignungen -- Stickern als Raumaneignungsstrategie: Die Identitäre Bewegung und (antifaschistische) Gegenstrategien in Hamburg -- Prozesse temporärer Raumaneignung durch extrem rechte Gruppen am Beispiel des Mehringplatzes in Berlin-Kreuzberg und ihre Auswirkungen auf das (Er-)Leben jugendlicher Anwohner:innen -- Autor:innenverzeichnis. 
588 |a Description based on publisher supplied metadata and other sources. 
590 |a Electronic reproduction. Ann Arbor, Michigan : ProQuest Ebook Central, 2023. Available via World Wide Web. Access may be limited to ProQuest Ebook Central affiliated libraries.  
655 4 |a Electronic books. 
700 1 |a Miggelbrink, Judith. 
776 0 8 |i Print version:  |a Mullis, Daniel  |t Lokal extrem Rechts  |d Bielefeld : transcript,c2022  |z 9783837656848 
797 2 |a ProQuest (Firm) 
830 0 |a Sozial- und Kulturgeographie 
856 4 0 |u https://ebookcentral.proquest.com/lib/matrademy/detail.action?docID=7024735  |z Click to View